000 nam a22 a 4500
999 _c2845
_d2845
003 AKMAL
005 20170518113655.0
008 170518s1986 si 00 eng d
020 _a9971404664
040 _aAKMAL
_cAKMAL
082 0 4 _a658 PAR
090 _a658
_bPAR
100 1 _aParkinson, C. Northcote
_q(Cyril Northcote),
_d1909-1959
_95936
245 1 _aBusiness is people /
_cC. Northcote Parkinson, M.K. Rustomji
260 _aSingapore :
_bFederal Publications,
_c1986
300 _aviii, 115p. :
_bill. ;
_c20cm
650 _aManagement
_91462
650 _aInterpersonal relations
_9487
700 1 _aRustomji, M. K.
_95958
942 _2ddc
_cBOOK